Loading...
| Mythology | 0 | 2 | 0 | 1 | 20 | 107 | 115.50 | 0 | 2 | 2.19 | 8.33 |
| Philosophy | 0 | 2 | 1 | 0 | 15 | 103 | 114.50 | 0 | 1 | 3.44 | 10.00 |
| Religion | 0 | 1 | 0 | 0 | 10 | 101 | 101.00 | 0 | 1 | 2.20 | 8.33 |
| Other Academic | 0 | 1 | 0 | 1 | 10 | 132 | 132.00 | 0 | 1 | 0.38 | 12.50 |
| Fine Arts - Visual | 0 | 1 | 0 | 0 | 10 | 82 | 82.00 | 1 | 1 | 3.69 | 10.00 |
| Literature - British | 0 | 1 | 0 | 1 | 10 | 136 | 136.00 | 0 | 1 | 0.07 | 2.50 |
| History - American | 0 | 1 | 0 | 1 | 10 | 138 | 138.00 | 0 | 0 | 0.07 | 2.50 |
| History - European | 0 | 1 | 0 | 1 | 10 | 139 | 139.00 | 0 | 1 | 0.07 | 2.50 |
| History - Other | 0 | 1 | 0 | 0 | 10 | 96 | 96.00 | 0 | 0 | 2.84 | 2.78 |
| Science - Other | 0 | 2 | 2 | 0 | 10 | 94 | 102.00 | 0 | 2 | 3.96 | 7.50 |
| Science - Biology | 0 | 1 | 1 | 1 | 5 | 118 | 118.00 | 0 | 1 | 0.08 | 2.50 |
| Social Science | 0 | 1 | 2 | 0 | 0 | 106 | 106.00 | 0 | 0 | 1.84 | 2.78 |
| Fine Arts - Other | 0 | 1 | 2 | 0 | 0 | 120 | 120.00 | 0 | 1 | 1.72 | 5.00 |
| Literature - American | 0 | 0 | 0 | 0 | 0 | 0.00 | 0 | 0 | 0.00 | 0.00 | |
| Literature - European | 0 | 0 | 0 | 0 | 0 | 0.00 | 0 | 0 | 0.00 | 0.00 | |
| Literature - World | 0 | 0 | 0 | 0 | 0 | 0.00 | 0 | 0 | 0.00 | 0.00 | |
| Science - Physics | 0 | 1 | 2 | 0 | 0 | 82 | 82.00 | 0 | 0 | 3.22 | 2.50 |
| Fine Arts - Auditory | 0 | 0 | 0 | 0 | 0 | 0.00 | 0 | 0 | 0.00 | 0.00 | |
| Science - Chemistry | 0 | 0 | 1 | 0 | -5 | 0.00 | 0 | 0 | 0.00 | 0.00 | |
| Popular Culture | 0 | 0 | 1 | 0 | -5 | 0.00 | 0 | 0 | 0.00 | 0.00 |